00784nam a22001457a 4500999001900000008004100019100003000060245009700090260002200187300003700209520025200246773002200498942000700520952011100527 c527251d527251240819b ||||| |||| 00| 0 eng d aJha, Vishwa Mohan 947059 aEvolution of Ram Sharan Sharma as a historical materialist: The little-known first chapter  aSocial Scientist  a 52(3-4), Mar-Apr, 2024: p.63-88 aNo scientist has always been right, and therefore, science does not defer to authority. What must rain sacrosanct, instead, is observed data, in so far as it is collected accurately, and the scientific methodology in all it rigour. – Reproduced  aSocial Scientist  cAR 00102ddc40709402341aIIPAbIIPAd2024-08-19h52(3-4), Mar-Apr, 2024: p.63-88pAR132697r2024-08-19yAR